| 000 | 00630nam a22002057a 4500 | ||
|---|---|---|---|
| 999 |
_c13767 _d13767 |
||
| 003 | AR-CdUCM | ||
| 008 | 190225b ||||| |||| 00| 0 spa d | ||
| 040 |
_aMUNICIPALIDAD PROVINCIAL DEL CUSCO _cBIBLIOTECA MUNICIPAL DEL CUSCO |
||
| 082 |
_aES / 373.869 / _bG26 |
||
| 100 |
_aGarrido Malaver, Julio _92596 |
||
| 245 |
_aImagenes Salvadas : _bCuentos seis / _cGarrido Malaver, Julio |
||
| 300 |
_a53 paginas ; _c25 cm. |
||
| 500 | _aCuentos e historias | ||
| 650 |
_aCuentos _9312 |
||
| 650 |
_aHistorias _92725 |
||
| 650 |
_aImagenes _927679 |
||
| 650 |
_aSalvadas _932310 |
||
| 942 |
_2ddc _cLIBROS |
||
| 945 |
_apjha _d2019-04-16 |
||